00360nam a2200121Ia 4500008004100000020001500041050002500056100002000081245004800101260003900149300004000188520001000228150610s9999 xx 000 0 und d a9716420684 aDS33b.Z13l 1999   aZaide, Sonia M. aHistory of Asian nations /cSonia M. Zaide. aQuezon City :bAll Nations,c1999. a236pages :billustrations ;c26 cm. aAsia.